Наука и альтернативные формы знания: межвузовский сборник

书目详细资料
其他作者: Марков Б. В. (редактор)
语言:俄语
出版: СПб., Изд-во СПбГУ, 1995
主题:
格式: 图书
KOHA link:https://koha.lib.tpu.ru/cgi-bin/koha/opac-detail.pl?biblionumber=1697

MARC

LEADER 00000nam0a2200000 4500
001 1697
005 20231101204212.0
010 |a 5288013438 
035 |a (RuTPU)RU\TPU\book\1705 
035 |a BOOK00001707 
090 |a 1697 
100 |a 20011209d1995 km y0rusy50 ca 
101 0 |a rus 
102 |a RU 
105 |a y z 000zy 
200 1 |a Наука и альтернативные формы знания  |e межвузовский сборник  |f под ред. Б. В. Маркова 
210 |a СПб.  |c Изд-во СПбГУ  |d 1995 
215 |a 256 с. 
606 1 |a Научное познание  |x Диалектика  |2 stltpush  |3 (RuTPU)RU\TPU\subj\45132  |9 64394 
610 1 |a наука 
610 1 |a философия 
610 1 |a научное знание 
610 1 |a сборники 
686 |a Ю251.1  |v LBC/SL-A  |2 rubbk 
702 1 |a Марков  |b Б. В.  |4 340 
801 0 |a RU  |b 63413507  |c 20011209  |g PSBO 
801 2 |a RU  |b 63413507  |c 20140408  |g PSBO 
900 |a Методы научного познания 
942 |c BK